000
00343 a2200121 4500
001
ART_26207
005
20260410161937.0
008
260409a
245
1
0
_a
Alternativas vigentes en investigación contable
100
1
_a
Aquel, Sandra
700
1
_a
Cicerchia, Lucía
773
0
_t
SaberEs
_g
- Nº 3 (jun. 2011)
_w
REV26089
999
_c
29099
_d
29099